Top 5 countries in curling - Statistics

General Stats
  • This quiz has been taken 665 times
  • The average score is 43 of 50
Answer Stats
Hint Answer % Correct
All years Canada
99%
2009-2018, 2021, 2022, 2023 Canada
99%
2009, 2015-2023 Canada
99%
2009, 2010, 2015-2017, 2019-2022 United States of America
99%
2010, 2012, 2013, 2017, 2018, 2021, 2022 United States of America
99%
2012, 2015, 2016, 2019, 2023 United States of America
99%
2010-2014, 2016-2023 Sweden
97%
2009-2014, 2017-2023 Sweden
97%
2011-2015, 2019, 2021, 2022 Sweden
97%
2015 Finland
95%
2009 Finland
95%
2009-2016, 2018, 2023 Norway
95%
2023 Norway
95%
2013-2015, 2017, 2021-2023 Norway
95%
2021 Russia
95%
2014-2021 Russia
95%
2010, 2011, 2015, 2016, 2018, 2019 Russia
95%
2010 Germany
93%
2022 Germany
93%
2017 China
92%
2006, 2008, 2009, 2011, 2015 China
92%
2009, 2010, 2016, 2017 China
92%
2011 France
92%
2011 France
92%
2014, 2016, 2019 Japan
92%
2016, 2019, 2023 Japan
92%
2018, 2019, 2023 Japan
92%
2010, 2013, 2016 Denmark
90%
2009, 2011, 2021 Denmark
90%
2011, 2015 Denmark
90%
2022, 2023 Italy
88%
2023 Italy
88%
2021 Italy
88%
2009, 2014, 2017, 2019, 2021, 2023 Switzerland
86%
2009, 2011-2016, 2019-2023 Switzerland
86%
2009, 2011, 2012, 2014, 2017, 2018, 2021, 2022 Switzerland
86%
2012 Austria
85%
2018 South Korea
85%
2012, 2014, 2018, 2019, 2022 South Korea
85%
2018 South Korea
85%
2010, 2019 Australia
79%
2010, 2014 Spain
79%
2012 New Zealand
73%
2010, 2013 New Zealand
73%
2013, 2017, 2019 Czech Republic
71%
2015, 2019, 2023 Estonia
70%
2009, 2013, 2014, 2015 Hungary
64%
2009-2013, 2018, 2021, 2022, 2023 Scotland
42%
2010, 2013, 2015, 2016, 2017 Scotland
42%
2012, 2016, 2021, 2022, 2023 Scotland
42%
No matching quizzes found
Score Distribution
Percent of People with Each Score
Percentile by Number Answered
Your Score History
You have not taken this quiz